banner koha

Avaliacao do rendimento de cevada cervejeira em funcao de diferentes doses e fontes de nitrogenio em 1986 (Registro n. 336603)

MARC details
000 -LÍDER
campo de controle de tamanho fixo 01203naa a22002777a 4500
001 - NÚMERO DE CONTROLE
campo de controle BR9400019
003 - IDENTIFICADOR DO NÚMERO DE CONTROLE
campo de controle BR-BrBNA
005 - DATA E HORÁRIO DA ÚLTIMA TRANSAÇÃO
campo de controle 20250721155445.0
007 - CAMPO FIXO DE DESCRIÇÃO FÍSICA--INFORMAÇÃO GERAL
campo de controle de tamanho fixo ta
008 - CAMPO DE DADOS FIXOS--INFORMAÇÃO GERAL
campo de controle de tamanho fixo 250630b bl.|||m| |||| 00| 0 por d
040 ## - FONTE DA CATALOGAÇÃO
Instituição da catalogação original BR-BrBNA
Idioma da catalogação por
Instituição que transcreveu o registro Biblioteca Nacional de Agricultura
041 ## - CÓDIGO DE IDIOMA
Código do idioma do texto/trilha sonora ou título diferente (Pt)
072 ## - CÓDIGO DE CATEGORIA DE ASSUNTO
Código de Categoria de Assunto F01; F04
Código do objeto 0110
-- 3820
090 ## - NÚMERO DE CHAMADA LOCAL
Número de chamada F01 BR9400019
100 1# - ENTRADA PRINCIPAL--NOME PESSOAL
Nome pessoal Peruzzo, G.
245 1# - TÍTULO
Título Avaliacao do rendimento de cevada cervejeira em funcao de diferentes doses e fontes de nitrogenio em 1986
490 ## - TÍTULO DA SÉRIE
Título da série Documentos - Centro Nacional de Pesquisa de Trigo (Brazil)
Número do volume ou designação sequencial da série no. 15
ISSN - International Standard Serial Number ISSN 0101-6644
500 ## - NOTA GERAL
Nota geral Resultados de pesquisa do Centro Nacional de Pesquisa de Trigo apresentados na 6, 7 e 8 Reunioes Anuais de Pesquisa de Cevada<br/>Passo Fundo, R (Brasil): 1988. p. 97-104 [5 tables]<br/>(BR9400019-AMS)<br/>
650 ## - ASSUNTO--TERMO TÓPICO
Cabeçalho tópico ou nome geográfico Cevada
650 ## - ASSUNTO--TERMO TÓPICO
Cabeçalho tópico ou nome geográfico Rendimento
650 ## - ASSUNTO--TERMO TÓPICO
Cabeçalho tópico ou nome geográfico Fertilizante Nitrogenado
650 ## - ASSUNTO--TERMO TÓPICO
Cabeçalho tópico ou nome geográfico Quimica do Solo
773 0# - ENTRADA ANALÍTICA
Título Resultados de pesquisa do Centro Nacional de Pesquisa de Trigo apresentados na 6, 7 e 8 Reunioes Anuais de Pesquisa de Cevada
Número de controle do registro F01 BR9400019
Partes relacionadas Passo Fundo, R (Brasil), 1988. p. 97-104
942 ## - ELEMENTOS DE ENTRADA ADICIONADOS (KOHA)
Tipo de material Koha Analítica de Monografia Seriada
Fonte da classificação ou esquema de arquivamento na estante Classificação AGRIS
909 ## -
-- 202506
-- Lúcia
-- 55
-- Lúcia Elande
Exemplares
Situação do descarte Fonte da classificação ou esquema de arquivamento na estante Situação física Não pode ser emprestado Coleção Biblioteca de origem Biblioteca atual Total de empréstimos Data de último acesso Número do exemplar Tipo de material Koha Situação das perdas Data de aquisição Fonte de aquisição
  Classificação AGRIS       Biblioteca Nacional de Agricultura - Binagri Biblioteca Nacional de Agricultura - Binagri   30/06/2025 01 Analítica de Monografia Seriada   2025-06-30 Portaria Interministerial nº 164/94

BINAGRI

Telefone: (61)3218-2567/2388/3357/2097 - binagri@agro.gov.br

Ministério da Agricultura e Pecuária , Esplanada dos Ministérios, Bloco D, Anexo B, Brasília/DF, CEP: 70.043-900